Govt. of
Madhya Pradesh

Developing the Leader With in You (Record no. 64061)

MARC details
000 -LEADER
fixed length control field 00270nam a22001097a 4500
082 ## - DEWEY DECIMAL CLASSIFICATION NUMBER
Classification number 080
100 ## - MAIN ENTRY--AUTHOR NAME
Personal name Maxwell, John C
245 ## - TITLE STATEMENT
Title Developing the Leader With in You
260 ## - PUBLICATION, DISTRIBUTION, ETC. (IMPRINT)
Place of publication Delhi
Name of publisher Sudesh Sahitya Mandal
Year of publication 2018
650 ## - SUBJECT ADDED ENTRY--TOPICAL TERM
Topical Term Motivation
942 ## - ADDED ENTRY ELEMENTS (KOHA)
Koha item type Books
Holdings
Withdrawn status Lost status Damaged status Not for loan Home library Current library Date acquired Cost, normal purchase price Full call number Accession Number Price effective from Koha item type
        MACL MACL 15/01/2021 550.00 080 CRE037509 15/01/2021 Books